00422nam a22001337a 4500020001900000040000900019100003600028245004300064260003900107300001000146942001200156999001900168952010100187 a978-0195107890 cSCME aEdited by James E. Mark9127624 aPolymer Data Handbook /cJames E. Mark aNew York bOxford Universityc1999 a960p. 2ddccBK c609143d609143 00102ddc4070aSCMEbSCMEd2024-05-16l0o660.03 P7621PpSCME-1137r2024-05-16w2024-05-16yBK